000
00386nam a2200133Ia 4500
008
100328s9999 xx 000 0 und d
082
_b
46679
100
_a
घाणेकर माुसूदन
245
_a
विवाह सौख्य
260
_b
सुयोग
630
_a
विवाह सौख्य
730
_a
विवाह सौख्य
942
_c
BOOK
999
_c
534613
_d
534610